Carbon dioxide: asset or liability? (Record no. 72524)

MARC details
000 -LEADER
fixed length control field 01590cam a2200265 4500
001 - CONTROL NUMBER
control field ABS66573
008 - FIXED-LENGTH DATA ELEMENTS--GENERAL INFORMATION
fixed length control field 030422n2003 000 0 eng u
035 ## - SYSTEM CONTROL NUMBER
System control number (Sirsi) u122059
100 ## - MAIN ENTRY--PERSONAL NAME
Personal name Bainbridge, T.
245 ## - TITLE STATEMENT
Title Carbon dioxide: asset or liability?
260 ## - PUBLICATION, DISTRIBUTION, ETC.
Date of publication, distribution, etc. 2003
490 ## - SERIES STATEMENT
Series statement Estates Gazette
Volume/sequential designation (0315) 12 April 2003, 130-131(2)
520 ## - SUMMARY, ETC.
Summary, etc. Examines new EU standards for energy consumption in buildings and considers their impact on the property industry. An EU directive will introduce minimum energy performance standards for new buildings, an obligation to consider alternative energy sources and mandatory certificates of energy performance. The directive will affect nearly all new, renovated and existing buildings and must be transposed into UK law by January 2006. Discusses the impact of higher performance standards on the property industry and outlines financial incentives to improve energy efficiency such as capital grants, enhanced capital allowances and emissions credits under the UK Emissions Trading Scheme. Concludes that the property industry will benefit from adopting a pro-active approach to energy management rather than simply complying with legal requirements.
590 ## - LOCAL NOTE (RLIN)
Local note ABS
650 ## - SUBJECT ADDED ENTRY--TOPICAL TERM
Topical term or geographic name entry element ENERGY CONSUMPTION
650 ## - SUBJECT ADDED ENTRY--TOPICAL TERM
Topical term or geographic name entry element CARBON DIOXIDE EMISSIONS
650 ## - SUBJECT ADDED ENTRY--TOPICAL TERM
Topical term or geographic name entry element EC DIRECTIVES
650 ## - SUBJECT ADDED ENTRY--TOPICAL TERM
Topical term or geographic name entry element ENERGY PERFORMANCE
650 ## - SUBJECT ADDED ENTRY--TOPICAL TERM
Topical term or geographic name entry element ENERGY MANAGEMENT
650 ## - SUBJECT ADDED ENTRY--TOPICAL TERM
Topical term or geographic name entry element EMISSIONS TRADING SCHEME
650 ## - SUBJECT ADDED ENTRY--TOPICAL TERM
Topical term or geographic name entry element ENHANCED CAPITAL ALLOWANCE SCHEME
650 ## - SUBJECT ADDED ENTRY--TOPICAL TERM
Topical term or geographic name entry element PROPERTY SECTOR
690 ## - LOCAL SUBJECT ADDED ENTRY--TOPICAL TERM (OCLC, RLIN)
Topical term or geographic name as entry element BUILDING AND CONSTRUCTION-ENERGY MANAGEMENT
942 ## - ADDED ENTRY ELEMENTS (KOHA)
Suppress in OPAC 0
Holdings
Withdrawn status Lost status Source of classification or shelving scheme Damaged status Not for loan Home library Current library Shelving location Date acquired Total Checkouts Full call number Barcode Date last seen Copy number Price effective from Koha item type
    Dewey Decimal Classification     London London Journal article 22/04/2003   ABS66573 122059-1001 06/08/2019 1 06/08/2019 Journal article